African Journal of Hospitality, Tourism and Leisure

Salvato in:
Dettagli Bibliografici
Natura: Periodico
Lingua:inglese
Pubblicazione: Helderkruin [Central University of Technology]
Tags: Aggiungi Tag
Nessun Tag, puoi essere il primo ad aggiungerne!!

MARC

LEADER 00000nls a2200000 4500
001 0256340
005 20250701092121.0
022 |a 2223-814X 
041 0 |a eng 
044 |a ZA 
245 1 0 |a African Journal of Hospitality, Tourism and Leisure 
264 1 |a Helderkruin  |b [Central University of Technology]